Sayings About Food #1 - Statistics

General Stats
  • This quiz has been taken 120,878 times
    100,265 since last reset
  • The average score is 20 of 30
Answer Stats
Saying % Correct
An {apple} a day keeps the doctor away
97%
Don't cry over spilled {milk}
95%
Couch {potato}
94%
If life deals you lemons, make {lemonade}
92%
Don't put all your {eggs} in one basket
87%
Take it with a grain of {salt}
87%
Turn water into {wine}
85%
Like taking {candy} from a baby
84%
As cool as a {cucumber}
81%
{Oil} and water don't mix
81%
As flat as a {pancake}
80%
Let them eat {cake}
78%
Not for all the {tea} in China
77%
The greatest thing since {sliced} {bread}
77%
The proof is in the {pudding}
74%
Too many cooks spoil the {broth}
73%
Tough {nut} to crack
73%
Wake up and smell the {coffee}
66%
Variety is the {spice} of life
65%
Humble {pie}
64%
Man does not live by {bread} alone
63%
You'll catch more flies with honey than with {vinegar}
46%
{Champagne} taste on a beer budget
40%
{Cream} rises to the top
37%
Not worth a hill of {beans}
35%
{Beef}, it's what's for dinner
33%
The {carrot} and the stick
33%
Stew in one's own {juices}
30%
You can't squeeze blood from a {turnip}
18%
The {toast} of the town
17%
No matching quizzes found
Score Distribution
Percent of People with Each Score
Percentile by Number Answered
Your Score History
You have not taken this quiz since the last reset